USMC Enlisted Rank Structure - Statistics

General Stats
  • This quiz has been taken 27 times
  • The average score is 10 of 12
Answer Stats
Hint Answer % Correct
E-1 Private
100%
E-2 Private First Class
94%
E-5 Sergeant
94%
E-4 Corporal
89%
E-7 Gunnery Sergeant
89%
E-3 Lance Corporal
83%
E-9 Master Gunnery Sergeant
83%
E-6 Staff Sergeant
83%
E-8 First Sergeant
78%
E-8 Master Sergeant
78%
E-9 Sergeant Major
78%
E-9 Sergeant Major of the Marine Corps
78%
No matching quizzes found
Score Distribution
Percent of People with Each Score
Percentile by Number Answered
Your Score History
You have not taken this quiz